|
|
|
|
| LEADER |
00000nab a2200000 a 4500 |
| 001 |
vtls000804186 |
| 003 |
SK-MaSNL |
| 005 |
20260304195615.0 |
| 008 |
250429c1999 xo 0 slo |
| 015 |
|
|
|a SNBRB2002/09-26930
|
| 035 |
|
|
|a CLN000155841
|
| 035 |
|
|
|a urn:nbn:sk:snk-ab6z1g
|
| 035 |
|
|
|a (uuid)b9fb9a31-ca00-48cc-96c6-535bc90e5a7c
|
| 035 |
|
|
|a (urnnbn)urn:nbn:sk:snk:ar-a06bym
|
| 035 |
|
|
|a (sysno)vtls000804186
|
| 040 |
|
|
|a SNKBUCL
|b slo
|c SNKBUCL
|e AACR2
|
| 041 |
0 |
|
|a eng
|
| 044 |
|
|
|a xo
|c SK
|
| 080 |
|
|
|a 616.71-006.33
|2 1997
|
| 245 |
0 |
0 |
|a Clodronate in the management of bone metastases: A clinical study of 91 patients
|c K. Serkies ... [et al.]
|
| 300 |
|
|
|b Tab.
|
| 504 |
|
|
|a Res. angl.
|
| 504 |
|
|
|a Bibliogr. odkazy
|
| 650 |
0 |
7 |
|a Clodronic Acid
|2 SNK
|9 1530523
|
| 650 |
0 |
7 |
|a kostné nádory
|2 SNKPH
|9 179633
|
| 650 |
0 |
7 |
|a lekárska onkológia
|2 SNKPH
|9 1208815
|
| 650 |
0 |
7 |
|a lymfatické metastázy
|2 SNKPH
|9 1195834
|
| 650 |
0 |
7 |
|a paliatívna starostlivosť
|2 SNKPH
|9 2558
|
| 655 |
|
7 |
|a články z novín a časopisov
|2 SNKPH
|9 267496
|
| 700 |
1 |
|
|a Serkies, K.
|4 aut
|9 1353702
|
| 700 |
1 |
|
|a Jereczek-Fossa, B.
|4 aut
|9 1403663
|
| 700 |
1 |
|
|a Badzio, A.
|4 aut
|9 1175973
|
| 700 |
1 |
|
|a Jassem, J.
|4 aut
|9 1160184
|
| 773 |
0 |
|
|t Neoplasma
|g Roč. 46, č. 5 (1999), s. 317-322
|x 0028-2685
|
| 850 |
|
|
|a Slovenská národná knižnica
|
| 852 |
|
|
|a Slovenská národná knižnica
|
| 958 |
|
|
|a article27
|
| 958 |
|
|
|a NB
|
| 958 |
|
|
|a MI
|
| 958 |
|
|
|a OND
|
| 958 |
|
|
|a EUIPO
|
| 992 |
|
|
|a RBX
|
| 999 |
|
|
|c 3082339
|d 3084269
|